|
|
|
|
| LEADER |
00000nam1a2200000 4500 |
| 001 |
280661 |
| 005 |
20231101235328.0 |
| 020 |
|
|
|a RU
|b 86-77940
|
| 035 |
|
|
|a (RuTPU)RU\TPU\book\304216
|
| 090 |
|
|
|a 280661
|
| 100 |
|
|
|a 20150114d1986 k y0rusy5003 ca
|
| 101 |
0 |
|
|a rus
|
| 200 |
1 |
|
|a Контроль, оценка и стимулирование качественной работы (опыт Днепропетровского металлургического завода им. Г. И. Петровского)
|f В. И. Деревянко, Л. А. Богомолов
|
| 210 |
|
|
|a Москва
|c Металлургия
|d 1986
|
| 215 |
|
|
|a 127 с.
|c ил.
|
| 320 |
|
|
|a Библиогр.: с. 125 (8 назв.)
|
| 606 |
|
|
|a Металлургические заводы
|x Продукция
|x Качество
|2 stltpush
|3 (RuTPU)RU\TPU\subj\42807
|9 62428
|
| 610 |
1 |
|
|a металлургическое производство
|
| 610 |
1 |
|
|a эффективность
|
| 610 |
1 |
|
|a продукция
|
| 610 |
1 |
|
|a качество
|
| 610 |
1 |
|
|a контроль
|
| 610 |
1 |
|
|a трудовые показатели
|
| 610 |
1 |
|
|a материальное стимулирование
|
| 675 |
|
|
|a 669.013:658.62
|z rus
|v 3
|
| 700 |
|
1 |
|a Деревянко
|b В. И.
|g Василий Иванович
|
| 701 |
|
1 |
|a Богомолов
|b Л. А.
|g Лев Александрович
|
| 801 |
|
0 |
|a RU
|b RuMRKP
|c 19950704
|g psbo
|
| 801 |
|
1 |
|a RU
|b 63413507
|c 20150114
|
| 801 |
|
2 |
|a RU
|b 63413507
|c 20170629
|g RCR
|
| 942 |
|
|
|c BK
|